Formació 92 : Plan territorial para el perfeccionamiento y formación de jueces y magistrados de la Comunidad Valenciana
Guardado en:
| Formato: | Libro |
|---|---|
| Idioma: | Spanish |
| Publicado: |
València :
Corselleria d`Administració Pública,
1992
|
| Materias: | |
| Etiquetas: |
Agregar Etiqueta
Sin Etiquetas, Sea el primero en etiquetar este registro!
|
| LEADER | 00494nam a22001335a 4500 | ||
|---|---|---|---|
| 001 | DER.der001996 | ||
| 005 | 20060912000000.0 | ||
| 008 | 180615s1992####||||||||||||||||||||spa|| | ||
| 020 | |a 84-482-0057-8 | ||
| 245 | 1 | 0 | |a Formació 92 : |b Plan territorial para el perfeccionamiento y formación de jueces y magistrados de la Comunidad Valenciana |
| 260 | |a València : |b Corselleria d`Administració Pública, |c 1992 | ||
| 300 | 0 | |a 3 v. | |
| 653 | |a COMUNIDAD VALENCIANA | ||
| 859 | |a DERECHO |b BIB. DERECHO |h 347.96 |i FOR |p 004118 | ||
